Islam; (Record no. 20360)

MARC details
000 -LEADER
fixed length control field 00763cam a22002531 4500
001 - CONTROL NUMBER
control field 9368317
003 - CONTROL NUMBER IDENTIFIER
control field BDDh-ASL
005 - DATE AND TIME OF LATEST TRANSACTION
control field 20231015025858.0
008 - FIXED-LENGTH DATA ELEMENTS--GENERAL INFORMATION
fixed length control field 781011s1961 enk 001 0 eng
010 ## - LIBRARY OF CONGRESS CONTROL NUMBER
LC control number 61004570
035 ## - SYSTEM CONTROL NUMBER
System control number (OCoLC)4286080
040 ## - CATALOGING SOURCE
Original cataloging agency DLC
Transcribing agency OrPU
Modifying agency OCoLC
-- DLC
-- BDDh-ASL
042 ## - AUTHENTICATION CODE
Authentication code premarc
050 00 - LIBRARY OF CONGRESS CALL NUMBER
Classification number D199.3
Item number .V62 1961
082 ## - DEWEY DECIMAL CLASSIFICATION NUMBER
Classification number 297.09
Item number GRI
100 1# - MAIN ENTRY--PERSONAL NAME
Personal name Grunebaum, Gustave E. von
Fuller form of name (Gustave Edmund),
Dates associated with a name 1909-1972.
245 10 - TITLE STATEMENT
Title Islam;
Remainder of title essays in the nature and growth of a cultural tradition/
250 ## - EDITION STATEMENT
Edition statement [2d. ed.]
260 ## - PUBLICATION, DISTRIBUTION, ETC.
Place of publication, distribution, etc. London:
Name of publisher, distributor, etc. Routledge & Kegan Paul
Date of publication, distribution, etc. [1961]
300 ## - PHYSICAL DESCRIPTION
Extent xv, 266 p.
Dimensions 23 cm.
650 #0 - SUBJECT ADDED ENTRY--TOPICAL TERM
Topical term or geographic name entry element Islamic civilization.
906 ## - LOCAL DATA ELEMENT F, LDF (RLIN)
a 7
b cbc
c oclcrpl
d u
e ncip
f 19
g y-gencatlg
942 ## - ADDED ENTRY ELEMENTS (KOHA)
Source of classification or shelving scheme Dewey Decimal Classification
Koha item type Books
Holdings
Withdrawn status Lost status Source of classification or shelving scheme Damaged status Not for loan Collection code Home library Current library Shelving location Date acquired Source of acquisition Total Checkouts Full call number Barcode Date last seen Copy number Price effective from Koha item type
    Dewey Decimal Classification     Non-fiction Asiatic Society Library Asiatic Society Library General Stacks 12/30/2020 ASB Collection   297.09 GRI 103790 12/30/2020 C-1 12/30/2020 Books

Powered by Koha